[Event "FIDE World Corporate GpB"]
[Site "New York"]
[Date "2024.06.16"]
[Round "7"]
[White "Nurmanova, Alua"]
[Black "Kumar, Akash"]
[Result "1-0"]
[WhiteElo "2274"]
[BlackElo "1819"]
[PlyCount "47"]
[EventDate "2024.06.15"]
[EventType "team-swiss (rapid)"]
[EventRounds "10"]
[EventCountry "USA"]
[SourceTitle "CBM 220 Extra"]
[Source "ChessBase"]
[SourceDate "2024.07.31"]
[SourceVersion "1"]
[SourceVersionDate "2024.07.31"]
[SourceQuality "1"]
[WhiteTeam "Freedom Holding"]
[BlackTeam "Goldman Sachs"]
[WhiteTeamCountry "USA"]
[BlackTeamCountry "USA"]

1. e4 e6 2. d4 d5 3. Nc3 Nc6 4. Nf3 Nf6 5. e5 Ne4 6. Bd3 Bb4 7. Bd2 Nxd2 8. Qxd2 f6 9. exf6 Qxf6 10. a3 Bd6 11. Ne2 e5 12. dxe5 Nxe5 13. Nxe5 Bxe5 14. c4 dxc4 15. Bxc4 Bd7 16. Qe3 0-0-0 17. Qxa7 c6 18. 0-0 Bxh2+ 19. Kxh2 Qh4+ 20. Kg1 Qxc4 21. Nc3 h5 22. Rac1 Kc7 23. b3 Qg4 24. Nb5+ 1-0